| 000 | 02296nam a22003377a 4500 | ||
|---|---|---|---|
| 999 |
_c21901 _d21901 |
||
| 003 | AR-CdUCM | ||
| 008 | 190425b ||||| |||| 00| 0 spa d | ||
| 040 |
_aMUNICIPALIDAD PROVINCIAL DEL CUSCO _cBIBLIOTECA MUNICIPAL DEL CUSCO |
||
| 082 | _aRev.AILLU/N°1-2/1945 | ||
| 245 |
_aRevista El Aillu : _bRevista Peruana de Antropología, Etnología Folklore Lingüística e Historia / |
||
| 260 |
_aCusco : _bLa Económica, _c1945. |
||
| 300 |
_a216 páginas. : _bilustraciones ; _c24 cm. |
||
| 440 |
_aEl Aillu Revista de Antropología Etnología Folklore Lingüística e Historia. _nAño I, N°1.-2, 1945. _946747 |
||
| 500 | _aCaratula de la Revista El Aillu por el artista José Sabogal | ||
| 505 | _aContenido: Escarbe de papas en la región andina de Puno. -- Cartilla de la ciencia del folklore. -- La etimología del nombre Cusco. -- Los cantos religiosos antiguos. Miguel Ángel Delgado Vivanco. -- El indio Pako. Alejandro Perales. -- Sueño y aurora. Gonzales Prada. -- Semana del Inti Raymi del Cusco. -- Noticias de la amada. -- Desde el camino. -- La ausencia. -- Los yaravíes. -- Mensaje de los poetas del mundo. -- San Francisco de Asís y su obra. -- Los ayllus pre-incas- -- Hombre de Cotabambas. Erasmo Delgado Vivanco. -- Mi credo referente al origen del hombre americano y el libro de Paul Rivet. -- Barbarismos de uso frecuente. Max J. Galdo G. -- El maíz es peruano. -- Interviú de el aillu. Fernando Cámara. -- Gabriela Mistral la gran poetisa diplomática araucana. -- El inventor cusqueño. Luis A. Villafuerte Rozas. -- Historia revista peruana de cultura. Jorge Basadre. -- Origen y desarrollo de las civilizaciones prehistóricas andinas. Julio C. Tello.-- Bosquejo de una introducción al folklore. | ||
| 650 |
_aAntropología _9878 |
||
| 650 |
_aEtnología _91915 |
||
| 650 |
_aFolklore _946748 |
||
| 650 |
_aLingüística _91640 |
||
| 650 |
_aHistoria _946749 |
||
| 700 |
_aDelgado Vivanco, Miguel Ángel _946750 |
||
| 700 |
_aPerales, Alejandro _946751 |
||
| 700 |
_aDelgado Vivanco, Erasmo _946752 |
||
| 700 |
_aVillafuerte Rozas, Luis A _946753 |
||
| 700 |
_aBasadre, Jorge _9198 |
||
| 700 |
_aMistral, Gabriela _913947 |
||
| 700 |
_aGonzáles Prada, Alfredo _938150 |
||
| 700 |
_aGonzáles Prada, Manuel _92388 |
||
| 942 |
_2ddc _cPP |
||
| 945 | _arac | ||